Amigos y amantes: los valores relativos de trueque de diferentes tipos de compañeros en el intercambio social /
Se utilizó el Inventario de Valor como pareja (IVP) en talleres paralelos titulados "La Racionalidad del romance" con muestras independientes recolectadas en cuatro sitios distintos: Tucson, Arizona, Estados Unidos, Hermosillo, Sonora, México, Distrito Federal, México y San José, Costa Ric...
Shranjeno v:
| Glavni avtor: | |
|---|---|
| Drugi avtorji: | , |
| Format: | Texto |
| Teme: | |
| Oznake: |
Označite
Brez oznak, prvi označite!
|
MARC
| LEADER | 00000 a a2200000 04500 | ||
|---|---|---|---|
| 001 | 206 | ||
| 003 | |||
| 040 | |||
| 100 | |a Figueredo, Aurelio José | ||
| 245 | |a Amigos y amantes: |b los valores relativos de trueque de diferentes tipos de compañeros en el intercambio social / |c Aurelio José Figueredo | ||
| 500 | |a Resumen también en inglés | ||
| 520 | |a Se utilizó el Inventario de Valor como pareja (IVP) en talleres paralelos titulados "La Racionalidad del romance" con muestras independientes recolectadas en cuatro sitios distintos: Tucson, Arizona, Estados Unidos, Hermosillo, Sonora, México, Distrito Federal, México y San José, Costa Rica. Cada participante contestó un cuestionario anónimo y confidencial que incluía preguntas sobre su percepción de su propio "Valor como pareja"(VP), el VP de sus parejas románticas presentes y pasadas, y el VP de sus mejores amistades masculinas y femeninas. Se especificaron y analizaron varias relaciones entre los datos obtenidos por medio de un modelo económico de intercambio social | ||
| 650 | |a RELACIONES HUMANAS | ||
| 650 | |a COMPORTAMIENTO SEXUAL | ||
| 650 | |a PSICOLOGIA | ||
| 650 | |a RESULTADOS DE INVESTIGACION | ||
| 700 | |a Kirsner, Beth R. | ||
| 700 | |a Tal, Ilanit | ||
| 773 | |g volumen 18, número 105 Nuevo; páginas 49-61 | ||
| 999 | |c 26736 |d 26736 | ||
| 773 | 0 | |0 18811 |9 3319 |a Universidad de Costa Rica. Instituto de Investigaciones en Psicología |d San José, C.R.: Editorial de la UCR |o 07029 |t Actualidades en Psicología / | |
